00349cam a22001217a 4500008004000000082001700040100001700057245005700074260002600131300001000157650002800167650003200195180718b1979 xxu||||| |||| 00| 0 eng d aT19x54 K849i aKotwal, O.P. aIndian economy in Soviet perspectivecby O.P. Kotwal aDelhibSterlingc1979 a158p. aIndia - Economic policy aIndia - Economic conditions